[Event "La Coruna op"]
[Site "La Coruna"]
[Date "1996.??.??"]
[Round "?"]
[White "Paredes Galan, A."]
[Black "Bernal Moro, Luis Javier"]
[Result "1/2-1/2"]
[WhiteElo "2205"]
[BlackElo "2455"]

1.d4 Nf6 2.Nf3 g6 3.c4 Bg7 4.Nc3 O-O 5.e4 d6 6.Be2 Nbd7 7.O-O e5 8.Bg5 h6
9.Bh4 a5 10.d5 Nc5 11.Nd2 Qe8 12.b3 Nh7 13.Nb5 Qd7 14.a3 h5 15.f3 Bh6 16.Rb1 f5
17.b4 axb4 18.axb4 Na4 19.Qc2 c6 20.Nc3 Nxc3 21.Qxc3 Ra2 22.Rb2 Be3+ 23.Bf2 Bxf2+
24.Kxf2 Rxb2 25.Qxb2 Nf6 26.Kg1 cxd5 27.exd5 Qc7 28.Rc1 Qb6+ 29.Kf1 e4 30.c5 dxc5
31.Rxc5 Qd6 32.Kg1 exf3 33.Bxf3 Ng4 34.g3 Ne5 35.Qc3 Bd7 36.Nc4 Nxc4 37.Rxc4 f4
38.Be4 Bh3 39.Rc7 Rf7 40.Rxf7 Kxf7 41.Kf2 fxg3+ 42.hxg3 Qf6+ 43.Qxf6+ Kxf6
44.Ke3 g5 45.Kd4 b6 46.Bf3 h4 47.gxh4 gxh4 48.Ke4 Bf1 49.Kf4 h3 50.Bg4 Bg2
51.Kg3 Ke5 52.Be6 Kd6 53.Kf2 Ke5 54.Kg3 Bf1 55.Kh2 Bd3 56.Bxh3 Kxd5 57.Kg3 Kc4
58.Kf2 Kxb4 59.Ke3 Kc4 60.Bd7  1/2-1/2

[Event "La Coruna op"]
[Site "La Coruna"]
[Date "1996.??.??"]
[Round "?"]
[White "Giorgadze, Giorgi"]
[Black "Damljanovic, Branko"]
[Result "1/2-1/2"]
[WhiteElo "2580"]
[BlackElo "2470"]

1.d4 Nf6 2.c4 g6 3.Nc3 Bg7 4.e4 d6 5.Nf3 O-O 6.Be2 e5 7.Be3 c6 8.O-O exd4
9.Nxd4 Re8 10.f3 d5 11.cxd5 Nxd5 12.Nxd5  1/2-1/2

[Event "Las Palmas op"]
[Site "Las Palmas"]
[Date "1996.??.??"]
[Round "9"]
[White "Estremera Panos, Sergio"]
[Black "Izeta Txabarri, Felix"]
[Result "0-1"]
[WhiteElo "2355"]
[BlackElo "2525"]

1.d4 d6 2.c4 Nd7 3.Nc3 e5 4.Nf3 g6 5.e4 Bg7 6.Be2 Ngf6 7.O-O O-O 8.Qc2 exd4
9.Nxd4 c6 10.Be3 Qe7 11.Rad1 a6 12.Rfe1 Nc5 13.f3 Nh5 14.g4 Nf6 15.g5 Ne8
16.f4 f6 17.h4 fxg5 18.hxg5 Bxd4 19.Rxd4 Ne6 20.Qd2 Nxd4 21.Qxd4 Ng7 22.Rd1 Be6
23.Qxd6 Qxd6 24.Rxd6 Rfd8 25.Rxd8+ Rxd8 26.c5 Bf7 27.Kf2 Ne6 28.b3 Nd4 29.Bxd4 Rxd4
30.Ke3 Rd8 31.Na4 Kf8 32.Nb6 Be6 33.Bd3 Bf7 34.Be2 Re8 35.Kd4 Be6 36.Ke3 Kg7
37.Bd3 h6 38.gxh6+ Kxh6 39.Nc4 Bxc4 40.Bxc4 Kg7 41.Bd3 Rh8 42.Kd4 Rh2 43.a4 a5
44.Ke5 Kf7 45.Bc4+ Ke7 46.Be6 Rb2 47.Bc4 Rc2 48.Kd4 Rc1 49.Ke5 Rc3 50.Kd4 Rc2
51.Ke5 Rc1 52.Kd4 g5 53.fxg5 Rg1 54.e5 Rxg5 55.Ke4 Rh5 56.Kf4 Rh1 57.Kg5 Rh2
58.Kg6 Rf2 59.Kg5 Rf3 60.Kg6 Kf8 61.Be6 Ke7 62.Bc4 Rh3 63.Kf5 Re3 64.Kf4 Re1
65.Kf5 Rg1 66.Kf4 Rh1 67.Kg5 Rh3 68.Kg6 Kf8 69.Be6 Rf3 70.Bc4 Ke7 71.Kg5 Kd8
72.Kg6 Kc7 73.Kg7 Rf5 74.e6 Kd8 75.Kg6 Rf2 76.Kg5 Ke7 77.Kg6 Rf6+ 78.Kg5 Rxe6  0-1

[Event "CUB-ch"]
[Site "Las Tunas"]
[Date "1996.??.??"]
[Round "9"]
[White "Leyva, Hector"]
[Black "Diaz, Joaquin C"]
[Result "1-0"]
[WhiteElo "2410"]
[BlackElo "2375"]

1.d4 Nf6 2.c4 g6 3.Nc3 Bg7 4.e4 d6 5.Nf3 O-O 6.Be2 e5 7.d5 a5 8.Bg5 h6 9.Bh4 Na6
10.Nd2 Qe8 11.O-O Nh7 12.a3 Bd7 13.Kh1 h5 14.f3 Bf6 15.Bf2 h4 16.b3 Bg5 17.Rb1 Nc5
18.Qc2 Qe7 19.b4 axb4 20.axb4 Na4 21.Nxa4 Rxa4 22.c5 Rfa8 23.Nc4 Ra2 24.Rb2 Rxb2
25.Qxb2 f5 26.b5 dxc5 27.b6 Bf6 28.bxc7 b5 29.d6 Qe6 30.Nb6 Ra2 31.Nxd7 Rxb2
32.c8=Q+ Kg7 33.Qc7 Rd2 34.Nxf6+ Kxf6 35.d7  1-0

[Event "Lazne Bohdanec-B"]
[Site "Lazne Bohdanec"]
[Date "1996.??.??"]
[Round "3"]
[White "Pribyl, Martin"]
[Black "Pribyl, Josef"]
[Result "1/2-1/2"]
[WhiteElo "2325"]
[BlackElo "2415"]

1.d4 d6 2.c4 Nf6 3.Nc3 g6 4.e4 Bg7 5.Nf3 O-O 6.Be2 e5 7.dxe5 dxe5 8.Qxd8 Rxd8
9.Bg5 Re8 10.Nd5 Nxd5 11.cxd5 c6 12.Bc4 cxd5 13.Bxd5 Nc6 14.Bxc6 bxc6 15.Rc1 Be6
16.b3 a5 17.Rxc6 a4 18.O-O axb3 19.axb3 Bxb3  1/2-1/2

[Event "Lazne Bohdanec-B"]
[Site "Lazne Bohdanec"]
[Date "1996.??.??"]
[Round "4"]
[White "Pokorny, Tomas"]
[Black "Manik, Mikulas"]
[Result "0-1"]
[WhiteElo "2285"]
[BlackElo "2345"]

1.d4 Nf6 2.c4 g6 3.Nc3 Bg7 4.e4 d6 5.Nf3 O-O 6.Be2 e5 7.O-O exd4 8.Nxd4 Re8
9.f3 Nc6 10.Be3 Nh5 11.Nxc6 bxc6 12.Qd2 c5 13.Rae1 Rb8 14.b3 f5 15.Bd3 f4
16.Bf2 Be5 17.Rd1 g5 18.Be2 Be6 19.Rb1 c6 20.Rfc1 Qf6 21.Kf1 Kh8 22.Na4 Rg8
23.h3 Ng3+ 24.Ke1 h5 25.Nb2 g4 26.hxg4 hxg4 27.Nd3 gxf3 28.Bxf3 Bg4 29.Nxe5 dxe5
30.Qc3 Bxf3 31.gxf3 Nh1 32.Rb2 Rg2 33.Bxc5 Qh4+ 34.Kf1 Rg5 35.Bf2 Qh2 36.Re2 Rg1+  0-1

[Event "Lazne Bohdanec-B"]
[Site "Lazne Bohdanec"]
[Date "1996.??.??"]
[Round "8"]
[White "Pribyl, Martin"]
[Black "Manik, Mikulas"]
[Result "1/2-1/2"]
[WhiteElo "2325"]
[BlackElo "2345"]

1.d4 Nf6 2.c4 g6 3.Nc3 Bg7 4.e4 d6 5.Nf3 O-O 6.Be2 e5 7.O-O exd4 8.Nxd4 Re8
9.f3 Nc6 10.Be3 Nh5 11.f4 Nf6 12.Nxc6 bxc6 13.Bf3 Rb8  1/2-1/2

[Event "Lazne Bohdanec-B"]
[Site "Lazne Bohdanec"]
[Date "1996.??.??"]
[Round "8"]
[White "Voloshin, Leonid"]
[Black "Blehm, Pawel"]
[Result "1/2-1/2"]
[WhiteElo "2420"]
[BlackElo "2435"]

1.d4 Nf6 2.c4 g6 3.Nc3 Bg7 4.e4 d6 5.Be2 O-O 6.Nf3 e5 7.dxe5 dxe5 8.Qxd8 Rxd8
9.Bg5 c6 10.Nxe5 Re8 11.O-O-O Na6 12.Nf3 h6 13.Bxf6 Bxf6 14.Nd2 Nc7 15.f3 a5
16.Na4 b5 17.cxb5 cxb5 18.Nb6 Rb8 19.Nxc8 Rexc8 20.Kb1 Ne6 21.g3 a4 22.f4 a3
23.e5 Be7 24.Nb3 axb2 25.Kxb2 Nc5 26.Nxc5 Rxc5 27.Rd7 Rbc8 28.Bd1 R8c7 29.Rxc7 Rxc7
30.Bb3 Bb4 31.Rd1 Kg7 32.Rd5 Bc3+ 33.Kc2 b4 34.Kd3 Be1 35.Ke2 Bc3 36.g4 Re7
37.Kd3 g5 38.fxg5 hxg5 39.a4 Bxe5 40.a5 f6 41.h3 Rc7 42.Ke4 Kf8 43.a6 Ke7
44.Ra5 Ra7 45.Bd5 Kd6 46.Bb7 b3 47.Kd3 b2 48.Kc2 Kc7 49.Rb5 Kd6 50.Kb1 Bc3
51.Ka2 Be5 52.Ka3 Ke7 53.Ka4 Kd6 54.Ka3 Kc7 55.Ka2 Kd6 56.Kb1 Bc3 57.Kc2 Be5
58.Kd3 Kd7 59.Ke4 Ke6 60.Rb6+ Kd7 61.Kd3 Kc7 62.Rb5 Kd7 63.Kc4 Kd6 64.Rd5+ Kc7
65.Rc5+ Kd6 66.Rb5 Kc7 67.Kd3 Kd7 68.Kc2 Kd6 69.Kb1 Bc3  1/2-1/2

[Event "Le Touquet op"]
[Site "Le Touquet"]
[Date "1996.??.??"]
[Round "?"]
[White "Shipov, Sergei"]
[Black "Degraeve, Jean Marc"]
[Result "1-0"]
[WhiteElo "2535"]
[BlackElo "2515"]

1.d4 Nf6 2.c4 g6 3.Nc3 Bg7 4.e4 d6 5.Nf3 O-O 6.Be2 e5 7.Be3 c6 8.d5 Na6 9.a3 Ng4
10.Bg5 f6 11.Bh4 h5 12.Nd2 Nh6 13.f3 Nf7 14.Bd3 Qb6 15.Na4 Qe3+ 16.Qe2 Qxe2+
17.Kxe2 cxd5 18.cxd5 Bd7 19.Nc3 Nc5 20.Bc2 Rfc8 21.Rhc1 a5 22.a4 f5 23.Nc4 Ra6
24.b3 Bh6 25.Rcb1 Kg7 26.Ra2 Bf4 27.h3 Bg5 28.Bf2 h4 29.Bd3 Bd8 30.b4 axb4
31.Rxb4 fxe4 32.fxe4 Nxa4 33.Nxa4 Rxa4 34.Raxa4 Bxa4 35.Rxb7 Rc7 36.Rxc7 Bxc7
37.Bxh4 g5 38.Be1 Bd7 39.Bb4 Kf6 40.Kf3 Bb5 41.Ke3 Bxc4 42.Bxc4 Bd8 43.Kf3 Nh6  1-0

[Event "Le Touquet op"]
[Site "Le Touquet"]
[Date "1996.??.??"]
[Round "?"]
[White "Shipov, Sergei"]
[Black "Ahn, Martin"]
[Result "1-0"]
[WhiteElo "2540"]
[BlackElo "2295"]

1.d4 Nf6 2.c4 g6 3.Nc3 Bg7 4.e4 d6 5.Be2 O-O 6.Nf3 e5 7.Be3 Qe7 8.dxe5 dxe5
9.Nd5 Qd8 10.Bc5 Nxe4 11.Be7 Qd7 12.Bxf8 Kxf8 13.Qd3 Nd6 14.Qa3 e4 15.Nd2 Kg8
16.Rd1 Nc6 17.Nb3 Nf5 18.Nf6+ Bxf6 19.Rxd7 Bxd7 20.O-O Ncd4 21.Nxd4 Nxd4
22.Bd1 Re8 23.Qxa7 Bc6 24.Ba4 Ne2+ 25.Kh1 Bd4 26.c5 Re5 27.Bxc6 bxc6 28.Qxc7 Kg7
29.Qxc6 e3 30.fxe3 Bxe3 31.Qf6+  1-0

[Event "Legnica"]
[Site "Legnica"]
[Date "1996.??.??"]
[Round "3"]
[White "Nizialek, Ryszard"]
[Black "Kalinin, Oleg"]
[Result "0-1"]
[WhiteElo "2180"]
[BlackElo "2420"]

1.Nf3 g6 2.d4 Bg7 3.c4 d6 4.Nc3 Nd7 5.e4 e5 6.Be2 Ngf6 7.O-O O-O 8.d5 Nc5
9.Qc2 a5 10.b3 Bd7 11.Be3 Ne8 12.Nd2 f5 13.f3 Bf6 14.a3 Bg5 15.Bxg5 Qxg5
16.b4 Na6 17.Rab1 axb4 18.axb4 Ng7 19.Rf2 Nh5 20.Bf1 Qe7 21.g3 f4 22.g4 Ng7
23.Qb3 Kh8 24.Rc1 h5 25.h3 Qh4 26.Ne2 b6 27.Ra1 Ne8 28.Qc3 Nf6 29.Nb3 Kg7
30.b5 Nc5 31.Nxc5 bxc5 32.Rxa8 Rxa8 33.Rg2 hxg4 34.hxg4 Nh7 35.Rh2 Qf6 36.Qb2 Ng5
37.Kf2 Bxg4 38.fxg4 Nxe4+ 39.Ke1 f3 40.Nc3 f2+ 41.Kd1 Qf3+ 42.Ne2 Qd3+ 43.Kc1 Ra4  0-1

[Event "Legnica"]
[Site "Legnica"]
[Date "1996.??.??"]
[Round "6"]
[White "Nizialek, Ryszard"]
[Black "Umansky, Vladimir"]
[Result "1-0"]
[WhiteElo "2180"]
[BlackElo "2320"]

1.Nf3 Nf6 2.c4 g6 3.Nc3 Bg7 4.e4 d6 5.d4 O-O 6.Be2 Na6 7.O-O e5 8.d5 Nc5
9.Qc2 a5 10.b3 Bg4 11.Be3 Nh5 12.Nd2 Bxe2 13.Nxe2 b6 14.a3 f5 15.Rab1 Qd7
16.f3 fxe4 17.Nxe4 Nxe4 18.Qxe4 Rae8 19.Nc3 Nf6 20.Qd3 e4 21.fxe4 Ng4 22.Bd4 Ne5
23.Rxf8+ Rxf8 24.Bxe5 Bxe5 25.Rf1 Rxf1+ 26.Kxf1 Qg4 27.Ne2 Bxh2 28.g3 Qh3+
29.Kf2 h5 30.Nf4 Qg4 31.Kg2 g5 32.Ne6 Bxg3 33.Qxg3 Qxe4+ 34.Qf3 Qe5 35.Qd3 Qb2+
36.Kh3 Qf6 37.b4 axb4 38.axb4 c5 39.b5 Kh8 40.Qe2 Kg8 41.Qxh5 Qf1+ 42.Kg4 Qxc4+
43.Kf5 Qxd5+ 44.Kf6 Qe5+ 45.Ke7 c4 46.Qg6+ Kh8 47.Kf7  1-0

[Event "Leiner op"]
[Site "Leiner"]
[Date "1996.??.??"]
[Round "1"]
[White "Henc, Renata"]
[Black "Thiede, Lars"]
[Result "0-1"]
[WhiteElo "2115"]
[BlackElo "2320"]

1.d4 Nf6 2.Nf3 g6 3.c4 Bg7 4.Nc3 O-O 5.e4 d6 6.Be2 Na6 7.O-O e5 8.d5 Nc5
9.Qc2 a5 10.Nd2 b6 11.b3 Ne8 12.a3 f5 13.Bb2 Bh6 14.Rfd1 Nf6 15.f3 Be3+ 16.Kh1 Nh5
17.Nf1 Bf2 18.b4 f4 19.g4 fxg3 20.Nxg3 Nxg3+ 21.hxg3 Qg5 22.Rg1 axb4 23.axb4 Rxa1
24.Bxa1 Bxg1 25.Kxg1 Qxg3+ 26.Kh1 Rf4  0-1

[Event "Leiner op"]
[Site "Leiner"]
[Date "1996.??.??"]
[Round "3"]
[White "Henc, Renata"]
[Black "Doskocil, Klaus"]
[Result "0-1"]
[WhiteElo "2115"]
[BlackElo "2240"]

1.d4 Nf6 2.Nf3 g6 3.c4 Bg7 4.Nc3 d6 5.e4 O-O 6.Be2 e5 7.d5 a5 8.Bg5 h6 9.Bh4 Na6
10.Nd2 Qe8 11.a3 Bd7 12.b3 Nh7 13.Rb1 f5 14.exf5 gxf5 15.Bh5 Qc8 16.Be7 e4
17.Bxf8 Qxf8 18.Ne2 f4 19.O-O Qf5 20.g4 Qe5 21.Bg6 Ng5 22.f3 exf3 23.Nxf3 Nxf3+
24.Rxf3 Bxg4 25.Nxf4 Rf8 26.Qd3 Qd4+ 27.Re3 Rxf4 28.Bh7+ Kh8 29.Kg2 Qxd3
30.Bxd3 Be5 31.Rf1 Rxf1 32.Bxf1 Kg7 33.Bd3 Nc5 34.Bc2 Kf6 35.b4 axb4 36.axb4 Na6
37.h3 Bh5 38.Ba4 b6 39.b5 Nc5 40.Bc2 Nb7 41.Bd3 Na5 42.Bf1 Bd1 43.Re1 Bc2
44.Re2 Bf5 45.Re3 Bd4 46.Rf3 Ke5 47.Kg3 Bc5 48.Be2 Be4 49.Rf4 Nb3 50.Rf7 Nc1
51.Bf1 Nd3 52.Kg4 Kd4 53.Kh5 Kxc4 54.Kxh6 Kxd5 55.Rxc7 Ke6 56.Kg7 Bd4+ 57.Kf8 Bf6
58.Rc4 Nc5 59.Be2 Be5 60.Bg4+ Kf6 61.h4 d5 62.Rc1 d4 63.Rf1+ Kg6 64.Bc8 Kh5
65.Bf5 Kxh4 66.Bxe4 Nxe4 67.Re1 Bd6+ 68.Kg7 Nc5 69.Rh1+ Kg4 70.Rh6 Ne4 71.Re6 Kf5  0-1

[Event "VfB op 3rd"]
[Site "Leipzig"]
[Date "1996.??.??"]
[Round "6"]
[White "Bergmann, Andy"]
[Black "Hoffmann, Hendrik"]
[Result "1/2-1/2"]
[WhiteElo "2210"]
[BlackElo "2280"]

1.d4 Nf6 2.c4 g6 3.Nc3 Bg7 4.e4 d6 5.Be2 O-O 6.Nf3 e5 7.d5 a5 8.Bg5 h6 9.Bh4 Na6
10.Nd2 Bd7 11.O-O Nc5 12.Rc1 Qe8 13.b3 Nfxe4 14.Ndxe4 Nxe4 15.Nxe4 f5 16.Nc3 g5
17.Bg3 f4 18.Bg4 Bxg4 19.Qxg4 e4 20.Rfe1 Bxc3 21.Rxc3 Qe5 22.Rc2 Rae8 23.Rce2 Qd4
24.h4 fxg3 25.Qxg3 Re5 26.hxg5 hxg5 27.Qe3 Qxe3 28.Rxe3 Rfe8  1/2-1/2

[Event "Leon University tt (Women)"]
[Site "Leon"]
[Date "1996.??.??"]
[Round "3"]
[White "Kadimova, Ilaha"]
[Black "Repkova Eid, Eva"]
[Result "1-0"]
[WhiteElo "2415"]
[BlackElo "2345"]

1.d4 Nf6 2.Nf3 g6 3.c4 Bg7 4.Nc3 d6 5.e4 O-O 6.Be2 e5 7.Be3 Nc6 8.d5 Ne7
9.Nd2 Nd7 10.b4 f5 11.f3 f4 12.Bf2 g5 13.c5 Nf6 14.Nc4 Qd7 15.cxd6 cxd6 16.a4 g4
17.Nb5 gxf3 18.gxf3 Ng6 19.Nxa7 Nxe4 20.fxe4 f3 21.Bd3 Nf4 22.Kd2 Qh3 23.Bf1 Qh6
24.Kc2 Qg6 25.Nd2 Bd7 26.Kb3 Kh8 27.Rc1 Nh3 28.Bxh3 Bxh3 29.Rg1 Bg2 30.Nb5 Bh6
31.Rc4 Rac8 32.Qc2 Rxc4 33.Nxc4 Bf4 34.h4 Bh2 35.Re1 Bg3 36.Nbxd6 Qg4 37.Ne3 Qxh4
38.Ndf5 Bxf2 39.Nxh4 Bxe1 40.Nhxg2 fxg2 41.Qxg2  1-0

[Event "Leon-B"]
[Site "Leon"]
[Date "1996.??.??"]
[Round "5"]
[White "Vera, Reynaldo"]
[Black "Sion Castro, Marcelino"]
[Result "1/2-1/2"]
[WhiteElo "2495"]
[BlackElo "2400"]

1.d4 Nf6 2.c4 g6 3.Nc3 Bg7 4.e4 d6 5.Be2 O-O 6.Nf3 e5 7.O-O exd4 8.Nxd4 Re8
9.f3 Nc6 10.Nc2 Nh5 11.g4 Be5 12.gxh5 Bxh2+ 13.Kxh2 Qh4+ 14.Kg1 Qg3+  1/2-1/2

[Event "Wch U26"]
[Site "Leon"]
[Date "1996.??.??"]
[Round "5"]
[White "Zulfugarli, Magomed"]
[Black "Gasimov, Ragim"]
[Result "1/2-1/2"]
[WhiteElo "2325"]
[BlackElo "2415"]

1.d4 Nf6 2.c4 g6 3.Nc3 Bg7 4.e4 d6 5.Be2 O-O 6.Nf3 e5 7.dxe5 dxe5 8.Qxd8 Rxd8
9.Bg5 Re8 10.Nd5 Nxd5 11.cxd5 c6 12.Bc4 cxd5 13.Bxd5 a5 14.a3  1/2-1/2

[Event "Leon-B"]
[Site "Leon"]
[Date "1996.??.??"]
[Round "7"]
[White "Danailov, Silvio"]
[Black "Strikovic, Aleksa"]
[Result "1-0"]
[WhiteElo "2455"]
[BlackElo "2520"]

1.Nf3 g6 2.d4 Bg7 3.c4 d6 4.Nc3 Nd7 5.e4 e5 6.Be2 Ngf6 7.O-O O-O 8.Qc2 c6
9.Rd1 Re8 10.d5 Qc7 11.Be3 Ng4 12.Bd2 a5 13.a3 a4 14.h3 Ngf6 15.Be3 Nc5 16.Nd2 Bd7
17.b4 axb3 18.Nxb3 Na4 19.dxc6 Bxc6 20.f3 Nxc3 21.Qxc3 Ra4 22.Qb2 Rea8 23.Nd2 Nd7
24.Nb1 Qa5 25.Rxd6 Bf8 26.Rd1 Bc5 27.Bxc5 Qxc5+ 28.Kh2 Nf8 29.Nc3 Rxa3 30.Nd5 Nd7
31.Rxa3 Rxa3 32.Nb4 Ra7 33.Bf1 Kg7 34.Nd5 f6 35.Nc7 Nf8 36.Rd8 Qe7 37.Rc8 Qd7
38.Ne8+ Kh6 39.Rb8 Qe7 40.Qd2+ g5 41.Nd6 Bd7 42.c5 Kg6 43.Bc4 h5 44.Bf7+ Kh7
45.Bxh5 Bc6 46.Bg4 Ra4 47.Qb2 b5 48.Rb6 Bd7 49.Bxd7 Nxd7 50.Rb7  1-0

[Event "Anibal op 3rd"]
[Site "Linares"]
[Date "1996.??.??"]
[Round "?"]
[White "Cebalo, Miso"]
[Black "Petit, Eric"]
[Result "1-0"]
[WhiteElo "2495"]
[BlackElo "2265"]

1.d4 Nf6 2.Nf3 g6 3.c4 Bg7 4.Nc3 O-O 5.e4 d6 6.Be2 Nbd7 7.O-O e5 8.Qc2 c6
9.d5 cxd5 10.cxd5 a6 11.a4 a5 12.Nd2 Nc5 13.Nc4 Ne8 14.Be3 b6 15.Rab1 f5
16.f3 Rf7 17.b4 axb4 18.Rxb4 Ba6 19.Nxb6 Bxe2 20.Qxe2 Rb7 21.Rfb1 Raa7 22.Nc4  1-0

[Event "Anibal op 3rd"]
[Site "Linares"]
[Date "1996.??.??"]
[Round "?"]
[White "Shchekachev, Andrei"]
[Black "Hernandez, Gilberto"]
[Result "1-0"]
[WhiteElo "2500"]
[BlackElo "2555"]

1.Nf3 Nf6 2.c4 g6 3.Nc3 Bg7 4.e4 d6 5.d4 O-O 6.Be2 e5 7.Be3 h6 8.O-O Ng4
9.Bc1 Nc6 10.d5 Ne7 11.Ne1 f5 12.Bxg4 fxg4 13.Be3 g5 14.b4 Ng6 15.c5 Rf7
16.a4 Bf8 17.a5 a6 18.Nc2 Bd7 19.Na3 Nf4 20.Nc4 h5 21.Rb1 Qe8 22.Rc1 Rf6
23.g3 Nh3+ 24.Kg2 Qg6 25.Qd3 Re8 26.Nd2 Ra8 27.c6 Bc8 28.Na4 Rf7 29.Nc3 Nf4+
30.gxf4 gxf4 31.Bb6 Qg5 32.Rg1 f3+ 33.Kh1 cxb6 34.Na4 bxc6 35.Nxb6 cxd5 36.Nxc8 Bh6
37.Rc2 Qh4 38.Nxd6 Qxf2 39.Nf1 dxe4 40.Qxe4 Qd4  1-0

[Event "Anibal op 3rd"]
[Site "Linares"]
[Date "1996.??.??"]
[Round "?"]
[White "Lobron, Eric"]
[Black "Petit, Eric"]
[Result "1-0"]
[WhiteElo "2590"]
[BlackElo "2265"]

1.d4 Nf6 2.Nf3 g6 3.c4 Bg7 4.Nc3 O-O 5.e4 d6 6.Be2 Nbd7 7.O-O e5 8.Qc2 c6
9.Rd1 Qe7 10.Bg5 h6 11.Bh4 g5 12.Bg3 Nh5 13.d5 c5 14.Nd2 Nf4 15.Nf1 h5 16.f3 Nf6
17.Ne3 Bh6 18.Bf2 g4 19.Rf1 Kh8 20.Kh1 Rg8 21.Rae1 Bd7 22.Bd1 Rg7 23.fxg4 Nxg4
24.Bxg4 Bxg4 25.Bg3 h4 26.Bxf4 Bxf4 27.Nf5 Bxf5 28.exf5 Qg5 29.Rf3 Bd2 30.Re2 Bxc3
31.Qxc3 f6 32.Qe1 Rag8 33.h3 Qh5 34.Qf2 Rg3 35.Ree3 Rxf3 36.Rxf3 Rg7 37.b4 b6
38.bxc5 bxc5 39.a4 Kh7 40.a5 Rg5 41.Kh2 a6 42.Qc2 Rg7 43.Rb3 Qg5 44.Qe4 Kg8
45.Rb6 Qg3+ 46.Kh1 Qf2 47.Rxd6 Rg3 48.Rxf6 Qf1+ 49.Kh2 Qf2 50.Rg6+ Kf8 51.d6  1-0

[Event "Anibal op 3rd"]
[Site "Linares"]
[Date "1996.??.??"]
[Round "?"]
[White "Nogueiras, Jesus"]
[Black "Agnos, Demetrios"]
[Result "1/2-1/2"]
[WhiteElo "2555"]
[BlackElo "2460"]

1.Nf3 Nf6 2.c4 g6 3.Nc3 Bg7 4.e4 d6 5.d4 O-O 6.Be2 e5 7.dxe5 dxe5 8.Qxd8 Rxd8
9.Bg5 Re8 10.Nd5 Nxd5 11.cxd5 c6 12.Bc4 cxd5 13.Bxd5 Nd7 14.Nd2 Nc5 15.O-O-O Ne6
16.Be3 Nf4 17.Bxf4 exf4 18.f3 Be6 19.Nb3 Rac8+ 20.Kb1 Bxd5 21.Rxd5 f5 22.exf5 Re2
23.Rd2 Rxd2 24.Nxd2 gxf5 25.Nb3 Re8 26.Nc1 Rd8 27.Kc2 Rc8+ 28.Kb1 Rd8 29.Kc2 Rc8+
30.Kb1  1/2-1/2

[Event "Anibal op 3rd"]
[Site "Linares"]
[Date "1996.??.??"]
[Round "?"]
[White "Ubilava, Elizbar"]
[Black "Agnos, Demetrios"]
[Result "1-0"]
[WhiteElo "2535"]
[BlackElo "2460"]

1.d4 Nf6 2.Nf3 g6 3.c4 Bg7 4.Nc3 O-O 5.e4 d6 6.Be2 e5 7.Be3 Ng4 8.Bg5 f6
9.Bh4 Nc6 10.d5 Ne7 11.Nd2 Nh6 12.f3 g5 13.Bf2 f5 14.O-O Ng6 15.g3 fxe4 16.Ncxe4 c5
17.dxc6 bxc6 18.Qa4 d5 19.Nc3 Ne7 20.Bc5 Nhf5 21.Bd3 e4 22.fxe4 dxe4 23.Ndxe4 Bd4+
24.Rf2 Bxc5 25.Nxc5 Qd4 26.Bxf5 Bxf5 27.Nb3 Qe3 28.Qa5 Bb1 29.Nd1 Qd3 30.Qxg5+ Ng6
31.Qd2 Ne5 32.Qxd3 Bxd3 33.Nd2 Ng4 34.Rxf8+ Rxf8 35.h3 Ne5 36.Nf2 Bxc4 37.Nxc4 Nxc4
38.b3 Ne5 39.Kg2 Rd8 40.Re1 Rd5 41.Rd1 Rc5 42.Ne4 Rc2+ 43.Rd2 Rc1 44.g4 Kg7
45.Ng3 Rc3 46.Ne2 Re3 47.Nd4 Rc3 48.Rf2 Rd3 49.Ne6+ Kh6 50.g5+  1-0

[Event "SWE-chB2"]
[Site "Linkoping"]
[Date "1996.??.??"]
[Round "?"]
[White "Thornert, Hakan"]
[Black "Nilsson, Andre"]
[Result "1-0"]
[WhiteElo "2215"]
[BlackElo "2270"]

1.e4 g6 2.d4 d6 3.c4 Bg7 4.Nc3 Nf6 5.Be2 O-O 6.Nf3 Na6 7.O-O e5 8.Be3 Ng4
9.Bg5 f6 10.Bh4 h5 11.h3 Nh6 12.a3 c6 13.b4 Nf7 14.Qb3 g5 15.b5 Nc7 16.dxe5 gxh4
17.exd6 Qxd6 18.Nxh4 Be6 19.Rad1 Qc5 20.e5 Qxe5 21.Ng6 Qg5 22.Nxf8 Bxf8 23.Ne4 Qe5
24.Qg3+ Bg7 25.Nxf6+ Qxf6 26.Qxc7 Nd8 27.bxc6 bxc6 28.Bxh5 Qg5 29.Bg4 Bxg4
30.hxg4 Be5 31.Qd7 Nf7 32.Qxc6 Rb8 33.Qe4 Rb6 34.g3 Rb2 35.Rd3 Qh6 36.Rfd1 Qb6
37.c5 Qxc5 38.Qg6+ Kf8 39.Rd8+  1-0

[Event "SWE-chB1"]
[Site "Linkoping"]
[Date "1996.??.??"]
[Round "?"]
[White "Eklund, Lars Goran"]
[Black "Eriksson, Johan"]
[Result "1/2-1/2"]
[WhiteElo "2320"]
[BlackElo "2310"]

1.Nf3 Nf6 2.c4 g6 3.Nc3 Bg7 4.e4 d6 5.d4 O-O 6.Be2 e5 7.dxe5 dxe5 8.Qxd8 Rxd8
9.Bg5 c6 10.Nxe5 Re8 11.O-O-O Na6 12.f4 h6 13.Bh4 g5 14.Bg3 Nc5 15.Bf3 g4
16.Bf2 Bf8 17.Bh4 Bg7 18.Bf2 Bf8 19.Bh4 Bg7 20.Bf2  1/2-1/2

[Event "SWE-ch"]
[Site "Linkoping"]
[Date "1996.??.??"]
[Round "11"]
[White "Degerman, Lars"]
[Black "Johansson, Mikael"]
[Result "1-0"]
[WhiteElo "2500"]
[BlackElo "2325"]

1.d4 Nf6 2.Nf3 g6 3.c4 Bg7 4.Nc3 O-O 5.e4 d6 6.Be2 e5 7.Be3 h6 8.O-O Ng4
9.Bc1 Nc6 10.d5 Ne7 11.Ne1 f5 12.Bxg4 fxg4 13.Nc2 g5 14.Ne3 Rf4 15.Qd3 Bd7
16.Bd2 a6 17.b4 Qe8 18.a4 Qh5 19.c5 Raf8 20.cxd6 cxd6 21.b5 Bc8 22.Be1 Ng6
23.Rc1 Nh4 24.Ne2 Qf7 25.Ng3 axb5 26.Qxb5 h5 27.Qb6 Qg6 28.Bb4 R4f6 29.Rc7 Nxg2
30.Kxg2 h4 31.Ngf5 Bxf5 32.exf5 Rxf5 33.Nxf5 Rxf5 34.Qxd6 Rf6 35.Qxe5 g3
36.Rxg7+ Qxg7 37.Bc3 h3+ 38.Kg1 gxf2+ 39.Rxf2  1-0

[Event "Linz Siemens"]
[Site "Linz"]
[Date "1996.??.??"]
[Round "3"]
[White "Weiss, Christian"]
[Black "Kranzl, Peter"]
[Result "1-0"]
[WhiteElo "2290"]
[BlackElo "2225"]

1.Nf3 Nf6 2.c4 g6 3.Nc3 Bg7 4.d4 O-O 5.e4 d6 6.Be2 e5 7.O-O Nbd7 8.Re1 exd4
9.Nxd4 Re8 10.Bf1 h6 11.f3 c6 12.Be3 Qc7 13.Qd2 Kh7 14.Rad1 Bf8 15.b3 Nc5
16.g3 a5 17.Bg2 Bd7 18.g4 Rad8 19.h3 Bc8 20.Bf4 Qb6 21.Kh1 Nfd7 22.Be3 Qc7
23.Bg1 Bg7 24.f4 Nf6 25.Qf2 Ne6 26.Nde2 Nd7 27.Na4 Nec5 28.Nxc5 Nxc5 29.Ng3 Qe7
30.Bh2 b6 31.Rf1 Bb7 32.Qf3 Kg8 33.Bg1 Rd7 34.a3 Red8 35.b4 axb4 36.axb4 Na4
37.Qb3 b5 38.f5 Kh7 39.fxg6+ fxg6 40.cxb5 cxb5 41.Rf7  1-0

[Event "Litomysl op"]
[Site "Litomysl"]
[Date "1996.??.??"]
[Round "2"]
[White "Voloshin, Leonid"]
[Black "Jedlicka, Ales"]
[Result "1/2-1/2"]
[WhiteElo "2400"]
[BlackElo "2145"]

1.c4 Nf6 2.Nc3 d6 3.d4 g6 4.e4 Bg7 5.Nf3 O-O 6.Be2 Nbd7 7.O-O e5 8.Be3 h6
9.dxe5 dxe5 10.h3 c6 11.Qc1 Kh7 12.c5 Qe7 13.Nd2 Rd8 14.b4 Nf8 15.Nc4 Ne8
16.Rd1 Ne6 17.Rxd8 Qxd8 18.Qd1 Nd4 19.Bf1 Be6 20.Rc1 Qe7 21.f4 Rd8 22.Qa4 exf4
23.Bxf4 Bxc4 24.Bxc4 b5 25.cxb6 axb6 26.b5 cxb5 27.Bxb5 Nf6 28.Be3 Nxe4 29.Nxe4 Qxe4
30.Bxd4 Bxd4+ 31.Kh1 Qe3 32.Rf1 Kg7 33.Qc4 Bf6 34.Qf4 Qe7 35.Qf2 Rd6 36.Bc4  1/2-1/2

[Event "Litomysl op"]
[Site "Litomysl"]
[Date "1996.??.??"]
[Round "5"]
[White "Jedlicka, Ales"]
[Black "Hastik, Svatopluk"]
[Result "0-1"]
[WhiteElo "2145"]
[BlackElo "2275"]

1.d4 Nf6 2.c4 g6 3.Nc3 Bg7 4.e4 d6 5.Be2 O-O 6.Nf3 e5 7.O-O Nbd7 8.Re1 Re8
9.d5 Nc5 10.Bf1 a5 11.b3 Bg4 12.h3 Bd7 13.Rb1 Qe7 14.Nd2 Nh5 15.g3 f5 16.a3 Nf6
17.f3 fxe4 18.fxe4 Nh5 19.b4 axb4 20.axb4 Na4 21.Nxa4 Bxa4 22.Qf3 Rf8 23.Qg2 Bc2
24.Rb2 Ra3 25.Qh2 Rxg3+ 26.Bg2 Bd3 27.Nf1 Bxf1 28.Rxf1 Rxf1+ 29.Kxf1 Rc3
30.Bd2 Rxc4 31.Ra2 Qf8+ 32.Ke1 Bh6  0-1

[Event "Litomysl op"]
[Site "Litomysl"]
[Date "1996.??.??"]
[Round "5"]
[White "Krivoshey, Sergei"]
[Black "Karlik, Vladimir"]
[Result "1-0"]
[WhiteElo "2425"]
[BlackElo "2280"]

1.Nf3 Nf6 2.c4 g6 3.Nc3 Bg7 4.e4 d6 5.d4 O-O 6.Be2 e5 7.O-O Na6 8.Be3 Ng4
9.Bg5 Qe8 10.dxe5 dxe5 11.h3 h6 12.Bd2 Nf6 13.Be3 Nd7 14.Qb1 Nac5 15.b4 Ne6
16.Rd1 f5 17.c5 f4 18.Bc1 Kh7 19.Bb2 g5 20.Bc4 c6 21.Ne2 Nd8 22.Qc2 Qe7 23.Rac1 h5
24.Rd6 g4 25.hxg4 hxg4 26.Nh2 Nf6 27.Nxf4 Nf7 28.Bxf7 Rxf7 29.Ne2 Nh5 30.Nf1 Be6
31.Nfg3 Nxg3 32.Nxg3 Raf8 33.Rf1 Rh8 34.Rfd1 Kg8 35.Rd8+ Kh7 36.Rxh8+ Kxh8
37.Rd6 Bf6 38.Nf5 Qe8 39.Qd2 Rh7 40.Bxe5  1-0

[Event "Litomysl op"]
[Site "Litomysl"]
[Date "1996.??.??"]
[Round "6"]
[White "Voloshin, Leonid"]
[Black "Shtyrenkov, Veniamen"]
[Result "0-1"]
[WhiteElo "2400"]
[BlackElo "2450"]

1.c4 Nf6 2.d4 g6 3.Nc3 Bg7 4.e4 d6 5.Nf3 O-O 6.Be2 e5 7.dxe5 dxe5 8.Qxd8 Rxd8
9.Bg5 Nbd7 10.O-O-O Rf8 11.Nd2 c6 12.Be3 Re8 13.c5 Bf8 14.Nb3 b6 15.cxb6 axb6
16.f3 b5 17.a3 b4 18.axb4 Bxb4 19.Nb1 Nh5 20.g3 Ng7 21.N1d2 Ne6 22.Nc4 Ndc5
23.Nxc5 Bxc5 24.Bxc5 Nxc5 25.Nd6 Rd8 26.Nxc8 Rdxc8 27.Kb1 Rcb8 28.Bc4 Rb4
29.Rc1 Rab8 30.Bxf7+ Kxf7 31.Rxc5 Rxb2+ 32.Ka1 R2b3 33.Ra5 Rxf3 34.Rd1 Rb7
35.Ra6 Re3 36.Rf1+ Kg7 37.Rc1 Rxe4 38.Ra2 Reb4 39.Re1 e4  0-1